<?xml version="1.0" encoding="UTF-8"?>
<record
    xmlns:xsi="http://www.w3.org/2001/XMLSchema-instance"
    xsi:schemaLocation="http://www.loc.gov/MARC21/slim http://www.loc.gov/standards/marcxml/schema/MARC21slim.xsd"
    xmlns="http://www.loc.gov/MARC21/slim">

  <leader>00602nam a22001817a 4500</leader>
  <controlfield tag="005">20240514123958.0</controlfield>
  <datafield tag="010" ind1=" " ind2=" ">
    <subfield code="a">ENG-140199</subfield>
  </datafield>
  <datafield tag="020" ind1=" " ind2=" ">
    <subfield code="c">1595.00</subfield>
    <subfield code="a">9788129002518</subfield>
  </datafield>
  <datafield tag="035" ind1=" " ind2=" ">
    <subfield code="a">EN-123731</subfield>
  </datafield>
  <datafield tag="037" ind1=" " ind2=" ">
    <subfield code="b">DBAD</subfield>
  </datafield>
  <datafield tag="082" ind1=" " ind2=" ">
    <subfield code="a">509</subfield>
  </datafield>
  <datafield tag="245" ind1=" " ind2=" ">
    <subfield code="a">Issues, Challenges and Opportunities in Science and Technology/</subfield>
    <subfield code="c">Editor by Harpreet Kaur </subfield>
  </datafield>
  <datafield tag="260" ind1=" " ind2=" ">
    <subfield code="a">Chandigarh</subfield>
    <subfield code="b">New ERA Book Agency </subfield>
    <subfield code="c">2022</subfield>
  </datafield>
  <datafield tag="270" ind1=" " ind2=" ">
    <subfield code="a">SCO 49-51, Sector-17 C, Post Box-52, Chandigarh</subfield>
    <subfield code="b">Chandigarh</subfield>
    <subfield code="e">160017</subfield>
  </datafield>
  <datafield tag="300" ind1=" " ind2=" ">
    <subfield code="a">168p.</subfield>
    <subfield code="c">24cm(hb)</subfield>
  </datafield>
  <datafield tag="700" ind1=" " ind2=" ">
    <subfield code="a">Editor by Harpreet Kaur </subfield>
    <subfield code="9">64850</subfield>
  </datafield>
  <datafield tag="942" ind1=" " ind2=" ">
    <subfield code="2">ddc</subfield>
    <subfield code="c">EN</subfield>
    <subfield code="h">509.04</subfield>
    <subfield code="m">KAU</subfield>
  </datafield>
  <datafield tag="999" ind1=" " ind2=" ">
    <subfield code="c">202261</subfield>
    <subfield code="d">202261</subfield>
  </datafield>
  <datafield tag="952" ind1=" " ind2=" ">
    <subfield code="0">0</subfield>
    <subfield code="1">0</subfield>
    <subfield code="4">0</subfield>
    <subfield code="7">0</subfield>
    <subfield code="8">NFIC</subfield>
    <subfield code="a">AV</subfield>
    <subfield code="b">AV</subfield>
    <subfield code="d">2024-04-18</subfield>
    <subfield code="e">DBAD</subfield>
    <subfield code="g">1595.00</subfield>
    <subfield code="l">0</subfield>
    <subfield code="o">509.04 KAU</subfield>
    <subfield code="p">EN-123731</subfield>
    <subfield code="r">2024-04-18 00:00:00</subfield>
    <subfield code="t">1</subfield>
    <subfield code="v">1595.00</subfield>
    <subfield code="w">2024-04-18</subfield>
    <subfield code="y">EN</subfield>
  </datafield>
</record>
